Statistics for Complete the Black Sabbath Song Title

Click here to take the quiz!

General Stats

  • This quiz has been taken 64 times
  • The average score is 21 of 26

Answer Stats

HintAnswer% Correct
Fairies WearBoots
97%
SabbraCadabra
97%
Heaven AndHell
97%
WarPigs
97%
IronMan
94%
PlanetCaravan
88%
Never SayDie
88%
ElectricFuneral
88%
Children Of TheGrave
88%
Killing Yourself ToLive
88%
RatSalad
88%
SweetLeaf
84%
Behind The Wall OfSleep
84%
Into TheVoid
81%
Hand OfDoom
78%
Symptom Of TheUniverse
78%
Lord Of ThisWorld
78%
NeonKnights
75%
Hole In TheSky
75%
DirtyWomen
75%
SpiralArchitect
72%
AfterForever
72%
Tomorrow'sDream
63%
End Of TheBeginning
56%
HeadlessCross
56%
Rock 'N' RollDoctor
53%

Score Distribution

Percentile by Number Answered

Percent of People with Each Score

Your Score History

You have not taken this quiz